000 00244nam a2200121Ia 4500
100 _a#N/A
650 _aComputer/ IT
942 _cBK
654 _aexplore
245 _aExplore India - Integreted Modules
260 _b#N/A
546 _aENGLISH
999 _c29902
_d29902